000 00293nam a22001337a 4500
008 170608b xxu||||| |||| 00| 0 eng d
020 _a0803279000
041 _aeng
080 _a32
100 _a18
101 _aSHP
245 _aTHE POLITICS OF ANTIPOLITICS
_cLOVEMAN,B
942 _2udc
_cBK
999 _c16417
_d16417